International Swimming League Records - Statistics

General Stats
  • This quiz has been taken 33 times
  • The average score is 20 of 52
Answer Stats
Event Time Swimmer % Correct
Men's 50m Freestyle 20.16 Caeleb Dressel
93%
Men's 100m Freestyle 45.08 Caeleb Dressel
93%
Men's 100m Butterfly 47.78 Caeleb Dressel
93%
Men's 100m Individual Medley 49.28 Caeleb Dressel
93%
Men's 100m Breaststroke 55.41 Adam Peaty
80%
Men's 50m Backstroke 22.54 Ryan Murphy
63%
Women's 400m Freestyle 3:54.06 Katie Ledecky
53%
Women's 50m Breaststroke 28.77 Lily King
47%
Women's 100m Breaststroke 1:02.50 Lily King
47%
Women's 200m Breaststroke 2:15.56 Lily King
47%
Women's 4x100 Medley Relay 3:45.58 Lily King
47%
Men's 200m Butterfly 1:48.57 Chad Le Clos
43%
Men's 4x100 Freestyle Relay 3:02.78 Chad Le Clos
43%
Men's 4x100 Medley Relay 3:18.28 Chad Le Clos
43%
Men's 200m Individual Medley 1:50.76 Daiya Seto
43%
Men's 400m Individual Medley 3:54.81 Daiya Seto
43%
Men's 200m Freestyle 1:40.25 Duncan Scott
43%
Men's 200m Backstroke 1:46.37 Evgeny Rylov
40%
Men's 4x100 Freestyle Relay 3:02.78 Evgeny Rylov
40%
Mixed 4x100 Freestyle Relay 3:14.21 Evgeny Rylov
40%
Men's 100m Backstroke 48.54 Kliment Kolesnikov
37%
Men's 4x100 Freestyle Relay 3:02.78 Kliment Kolesnikov
37%
Men's 4x100 Medley Relay 3:18.28 Kliment Kolesnikov
37%
Women's 4x100 Freestyle Relay 3:25.37 Sarah Sjostrom
37%
Mixed 4x100 Freestyle Relay 3:14.21 Sarah Sjostrom
37%
Men's 50m Breaststroke 25.29 Emre Sakci
33%
Women's 4x100 Medley Relay 3:45.58 Kelsi Dahlia
33%
Men's 400m Freestyle 3:35.49 Danas Rapsys
30%
Men's 4x100 Freestyle Relay 3:02.78 Florent Manaudou
30%
Mixed 4x100 Freestyle Relay 3:14.21 Florent Manaudou
30%
Men's 4x100 Medley Relay 3:18.28 Ilya Shymanovich
30%
Women's 100m Freestyle 50.94 Siobhan Haughey
30%
Women's 200m Freestyle 1:51.11 Siobhan Haughey
30%
Women's 4x100 Freestyle Relay 3:25.37 Siobhan Haughey
30%
Mixed 4x100 Freestyle Relay 3:14.21 Siobhan Haughey
30%
Men's 4x100 Medley Relay 3:18.28 Flourent Manaudou
27%
Men's 200m Breaststroke 2:00.58 Marco Koch
27%
Women's 50m Backstroke 25.60 Kira Toussaint
23%
Women's 100m Backstroke 54.89 Minna Atherton
23%
Women's 200m Backstroke 1:59.25 Minna Atherton
23%
Men's 50m Butterfly 21.78 Nicholas Santos
23%
Women's 50m Freestyle 23.29 Ranomi Kromowidjojo
23%
Women's 50m Butterfly 24.59 Ranomi Kromowidjojo
23%
Women's 100m Butterfly 55.32 Beryl Gastaldello
20%
Women's 100m Individual Medley 57.30 Beryl Gastaldello
20%
Women's 4x100 Freestyle Relay 3:25.37 Femke Heemskerk
20%
Women's 4x100 Medley Relay 3:45.58 Olivia Smoliga
20%
Women's 4x100 Freestyle Relay 3:25.37 Pernille Blume
20%
Women's 200m Individual Medley 2:03.93 Yui Ohashi
20%
Women's 400m Individual Medley 4:23.25 Yui Ohashi
20%
Women's 4x100 Medley Relay 3:45.58 Erika Brown
17%
Women's 200m Butterfly 2:03.12 Suzuka Hasegawa
17%
No matching quizzes found
Score Distribution
Percent of People with Each Score
Percentile by Number Answered
Your Score History
You have not taken this quiz